000 00803nam a2200265Ia 4500
003 OSt
005 20221005103113.0
006 a|||||r|||| 00| 0
007 ta
008 221004b |||||||| |||| 00| 0 hin d
024 _a32742
037 _cTextual
040 _aCRL
_cCRL
_bhin
041 _2hin
_ahin
082 _aO152,3M80,12, M0
100 _aप्रेमचन्द
245 0 _aग़बन
246 _aग़bana
260 _aइलाहाबाद
_bहंस प्रकाशन भारत
_c1980
300 _a286पृ.
_ccm.
650 _a हिन्दी साहित्य
650 _aहिन्दी कहानी
942 _hO152,3M80,12, M0
_cTEXL
_2cc
999 _c1009459
_d1009459